The hundred penny box / (Record no. 308805)
[ view plain ]
| 000 -LEADER | |
|---|---|
| fixed length control field | 02952cam a2200721 a 4500 |
| 001 - CONTROL NUMBER | |
| control field | ocm13268755 |
| 003 - CONTROL NUMBER IDENTIFIER | |
| control field | OCoLC |
| 005 - DATE AND TIME OF LATEST TRANSACTION | |
| control field | 20260205142125.0 |
| 008 - FIXED-LENGTH DATA ELEMENTS--GENERAL INFORMATION | |
| fixed length control field | 860221s1986 nyua b 000 1 eng |
| 010 ## - LIBRARY OF CONGRESS CONTROL NUMBER | |
| LC control number | 86003293 |
| 020 ## - INTERNATIONAL STANDARD BOOK NUMBER | |
| International Standard Book Number | 0140321691 |
| Qualifying information | (pbk.) |
| 020 ## - INTERNATIONAL STANDARD BOOK NUMBER | |
| International Standard Book Number | 9780140321692 |
| Qualifying information | (pbk.) |
| 020 ## - INTERNATIONAL STANDARD BOOK NUMBER | |
| International Standard Book Number | 9780812451849 |
| Qualifying information | (PFNL) |
| 020 ## - INTERNATIONAL STANDARD BOOK NUMBER | |
| International Standard Book Number | 0812451848 |
| Qualifying information | (PFNL) |
| 020 ## - INTERNATIONAL STANDARD BOOK NUMBER | |
| International Standard Book Number | 9780142407028 |
| 020 ## - INTERNATIONAL STANDARD BOOK NUMBER | |
| International Standard Book Number | 014240702X |
| 029 1# - (OCLC) | |
| OCLC library identifier | AU@ |
| System control number | 000026410066 |
| 029 1# - (OCLC) | |
| OCLC library identifier | IG# |
| System control number | 9780140321692 |
| 035 ## - SYSTEM CONTROL NUMBER | |
| System control number | (OCoLC)13268755 |
| 040 ## - CATALOGING SOURCE | |
| Original cataloging agency | DLC |
| Language of cataloging | eng |
| Transcribing agency | DLC |
| Modifying agency | BAKER |
| -- | BTCTA |
| -- | YDXCP |
| -- | JBO |
| -- | IG# |
| -- | OCLCO |
| -- | OCLCF |
| -- | OCLCQ |
| -- | OCLCO |
| -- | OCLCQ |
| -- | TXNVM |
| -- | AL5OZ |
| -- | OCLCQ |
| -- | MWB |
| -- | OCLCQ |
| -- | GILDS |
| -- | OCLCO |
| -- | WLM |
| -- | WACOL |
| 042 ## - AUTHENTICATION CODE | |
| Authentication code | lcac |
| 049 ## - LOCAL HOLDINGS (OCLC) | |
| Holding library | WACL |
| 050 10 - LIBRARY OF CONGRESS CALL NUMBER | |
| Classification number | PZ7.M4284 |
| Item number | Hu 1986 |
| 082 00 - DEWEY DECIMAL CLASSIFICATION NUMBER | |
| Classification number | [E] |
| Edition number | 19 |
| 092 ## - LOCALLY ASSIGNED DEWEY CALL NUMBER (OCLC) | |
| Classification number | junior fiction |
| Item number | Mat |
| 100 1# - MAIN ENTRY--PERSONAL NAME | |
| Personal name | Mathis, Sharon Bell. |
| 9 (RLIN) | 5969861 |
| 245 14 - TITLE STATEMENT | |
| Title | The hundred penny box / |
| Statement of responsibility, etc | Sharon Bell Mathis ; illustrated by Leo & Diane Dillon. |
| 260 ## - PUBLICATION, DISTRIBUTION, ETC. (IMPRINT) | |
| Place of publication, distribution, etc | New York, N.Y., U.S.A. : |
| Name of publisher, distributor, etc | Puffin Books, |
| Date of publication, distribution, etc | 1986. |
| 300 ## - PHYSICAL DESCRIPTION | |
| Extent | 47 pages : |
| Other physical details | illustrations ; |
| Dimensions | 23 cm |
| 336 ## - Content Type | |
| Content type term | text |
| 337 ## - Media type | |
| Media type term | unmediated |
| 338 ## - Carrier type | |
| Carrier type term | volume |
| 490 ## - SERIES STATEMENT | |
| Series statement | Newbery |
| 586 ## - AWARDS NOTE | |
| Awards note | Newbery Medal Honor Book, 1976. |
| 520 ## - SUMMARY, ETC. | |
| Summary, etc | Michael's love for his one-hundred-year-old great-great-aunt, who lives with his family, leads him to intercede with his mother who wants to toss out all of Aunt Dew's old things. |
| 526 0# - STUDY PROGRAM INFORMATION NOTE | |
| Program name | Accelerated Reader AR |
| Interest level | LG |
| Reading level | 3.9 |
| Title point value | 1.0 |
| Public note | 320. |
| 526 0# - STUDY PROGRAM INFORMATION NOTE | |
| Program name | Accelerated Reader |
| Interest level | Grades K-4 |
| Reading level | 3.9 |
| Title point value | 1 |
| Public note | Quiz 320 |
| -- | English fiction, vocabulary quiz available, audio quiz available for beginning readers. |
| 521 ## - TARGET AUDIENCE NOTE | |
| Target audience note | junior fiction |
| Source | amazon |
| 650 ## - SUBJECT ADDED ENTRY--TOPICAL TERM | |
| Topical term or geographic name as entry element | Newbery Medal |
| 650 #0 - SUBJECT ADDED ENTRY--TOPICAL TERM | |
| Topical term or geographic name as entry element | Grandmothers |
| Form subdivision | Juvenile fiction. |
| 9 (RLIN) | 5683771 |
| 650 #0 - SUBJECT ADDED ENTRY--TOPICAL TERM | |
| Topical term or geographic name as entry element | Families |
| Form subdivision | Juvenile fiction. |
| 9 (RLIN) | 5674031 |
| 650 #1 - SUBJECT ADDED ENTRY--TOPICAL TERM | |
| Topical term or geographic name as entry element | Great-aunts |
| Form subdivision | Fiction. |
| 9 (RLIN) | 5684784 |
| 650 #1 - SUBJECT ADDED ENTRY--TOPICAL TERM | |
| Topical term or geographic name as entry element | Old age |
| Form subdivision | Fiction. |
| 9 (RLIN) | 5705854 |
| 650 #1 - SUBJECT ADDED ENTRY--TOPICAL TERM | |
| Topical term or geographic name as entry element | Family life |
| Form subdivision | Fiction. |
| 9 (RLIN) | 5674038 |
| 650 #1 - SUBJECT ADDED ENTRY--TOPICAL TERM | |
| Topical term or geographic name as entry element | African Americans |
| Form subdivision | Fiction. |
| 9 (RLIN) | 5677287 |
| 650 #7 - SUBJECT ADDED ENTRY--TOPICAL TERM | |
| Topical term or geographic name as entry element | Families. |
| Source of heading or term | fast |
| -- | (OCoLC)fst01728849 |
| 9 (RLIN) | 5969862 |
| 650 #7 - SUBJECT ADDED ENTRY--TOPICAL TERM | |
| Topical term or geographic name as entry element | Grandmothers. |
| Source of heading or term | fast |
| -- | (OCoLC)fst00946353 |
| 9 (RLIN) | 5969863 |
| 655 #7 - INDEX TERM--GENRE/FORM | |
| Genre/form data or focus term | Fiction. |
| Source of term | fast |
| -- | (OCoLC)fst01423787 |
| 9 (RLIN) | 5673940 |
| 655 #7 - INDEX TERM--GENRE/FORM | |
| Genre/form data or focus term | Juvenile works. |
| Source of term | fast |
| -- | (OCoLC)fst01411637 |
| 9 (RLIN) | 5673941 |
| 655 #7 - INDEX TERM--GENRE/FORM | |
| Genre/form data or focus term | Fiction. |
| Source of term | lcgft |
| 9 (RLIN) | 5673940 |
| 700 1# - ADDED ENTRY--PERSONAL NAME | |
| Personal name | Dillon, Leo, |
| Relator term | illustrator. |
| 9 (RLIN) | 2764 |
| 700 1# - ADDED ENTRY--PERSONAL NAME | |
| Personal name | Dillon, Diane, |
| Relator term | illustrator. |
| 9 (RLIN) | 2763 |
| 740 0# - ADDED ENTRY--UNCONTROLLED RELATED/ANALYTICAL TITLE | |
| Uncontrolled related/analytical title | 100 penny box. |
| 938 ## - | |
| -- | Baker & Taylor |
| -- | BKTY |
| -- | 5.99 |
| -- | 4.49 |
| -- | 0140321691 |
| -- | 0001087039 |
| -- | active |
| 938 ## - | |
| -- | Baker & Taylor |
| -- | BKTY |
| -- | 14.70 |
| -- | .00 |
| -- | 060601280X |
| -- | 0002890260 |
| -- | active |
| 938 ## - | |
| -- | Baker and Taylor |
| -- | BTCP |
| -- | 86003293 |
| 938 ## - | |
| -- | Ingram |
| -- | INGR |
| -- | 9780140321692 |
| 938 ## - | |
| -- | YBP Library Services |
| -- | YANK |
| -- | 86714 |
| 942 ## - ADDED ENTRY ELEMENTS (KOHA) | |
| Koha item type | BOOK |
| 948 ## - LOCAL PROCESSING INFORMATION (OCLC); SERIES PART DESIGNATOR (RLIN) | |
| Series part designator, SPT (RLIN) | 05/08/2018 |
| z (OCLC) | Sirsi |
| 994 ## - | |
| -- | C0 |
| -- | WACOL |
| 996 ## - | |
| -- | 149410 |
| -- | 34301001727827 |
| -- | JNEW |
| -- | bk |
| -- | wcl |
| -- | i |
| -- | 0 |
| -- | 18.80 |
| -- | amazon |
| -- | Mat |
| -- | 05/08/2018 |
| -- | 05/08/2018 |
| Withdrawn status | Lost status | Source of classification or shelving scheme | Damaged status | Not for loan | Collection code | Home library | Current library | Shelving location | Date acquired | Source of acquisition | Cost, normal purchase price | Total Checkouts | Total Renewals | Full call number | Barcode | Date last seen | Date checked out | Cost, replacement price | Price effective from | Koha item type |
|---|---|---|---|---|---|---|---|---|---|---|---|---|---|---|---|---|---|---|---|---|
| Dewey Decimal Classification | Junior Fiction | Wasatch County Library | Wasatch County Library | Main Floor Junior Area | 05/08/2018 | Amazon | 18.80 | 3 | 2 | J Mathis | 34301001727827 | 07/17/2025 | 06/20/2025 | 18.80 | 03/20/2020 | BOOK |
